UBT Library

Everyday Stalinism : (Record no. 41260)

000 -LEADER
fixed length control field 00814cam a2200253 a 4500
001 - CONTROL NUMBER
control field 2614611
005 - DATE AND TIME OF LATEST TRANSACTION
control field 20180130050527.0
008 - FIXED-LENGTH DATA ELEMENTS--GENERAL INFORMATION
fixed length control field 980227s1999 nyua b 001 0 eng
010 ## - LIBRARY OF CONGRESS CONTROL NUMBER
LC control number 98015421
020 ## - INTERNATIONAL STANDARD BOOK NUMBER
International Standard Book Number 0195050002 (alk. paper)
040 ## - CATALOGING SOURCE
Original cataloging agency DLC
Transcribing agency DLC
Modifying agency DLC
041 ## - LANGUAGE CODE
Language code of text/sound track or separate title eng
043 ## - GEOGRAPHIC AREA CODE
Geographic area code e-ur---
080 ## - UNIVERSAL DECIMAL CLASSIFICATION NUMBER
Universal Decimal Classification number 306.0947 FIT
082 00 - DEWEY DECIMAL CLASSIFICATION NUMBER
Classification number 306.0947 FIT
Edition number 21
100 1# - Rafti
Rafti 19
101 ## - Shkurtesa
Shkurtesa HIS
245 10 - TITLE STATEMENT
Title Everyday Stalinism :
Statement of responsibility, etc Sheila Fitzpatrick.
504 ## - BIBLIOGRAPHY, ETC. NOTE
Bibliography, etc Includes bibliographical references (p. [229]-280) and index.
906 ## - LOCAL DATA ELEMENT F, LDF (RLIN)
a 7
b cbc
c orignew
d 1
e ocip
f 19
g y-gencatlg
942 ## - ADDED ENTRY ELEMENTS (KOHA)
Source of classification or shelving scheme
Item type Books
Holdings
Withdrawn status Lost status Source of classification or shelving scheme Damaged status Not for loan Collection code Permanent location Current location Shelving location Date acquired Total Checkouts Full call number Barcode Date last seen Price effective from Koha item type
          Koleksioni i përgjithshem UBT - Lipjan UBT - Lipjan Koleksioni i përgjithshem 01/30/2018   306.0947 FIT 002-2997053 01/30/2018 01/30/2018 Books
UBT Library © 2015-2024. All rights reserved University Education for Business and Technology